|
|
|
|
| LEADER |
01468nam a2200397 a 4500 |
| 001 |
000592922 |
| 003 |
CZ BrMZK |
| 005 |
20080125143918.0 |
| 007 |
ta |
| 008 |
020402s2001 xr f cze d |
| 015 |
|
|
|a cnb001094376
|
| 020 |
|
|
|a 80-7044-369-3
|
| 035 |
|
|
|a (OCoLC)49538901
|
| 040 |
|
|
|a BOA001
|b cze
|
| 041 |
1 |
|
|a cze
|a rus
|
| 043 |
|
|
|a e-xr---
|
| 080 |
|
|
|a 378.011.3-051
|2 MRF
|
| 080 |
|
|
|a (082)
|2 MRF
|
| 080 |
|
|
|a 929
|2 MRF
|
| 245 |
0 |
0 |
|a Sborník k sedmdesátinám Doc. Ctirada Kučery, CSc. /
|c [vědecký redaktor: Kristina Kaiserová]
|
| 250 |
|
|
|a 1. vyd.
|
| 260 |
|
|
|a Ústí nad Labem :
|b Univerzita J.E. Purkyně,
|c 2001
|
| 300 |
|
|
|a 66 s. :
|b il. ;
|c 21 cm
|
| 490 |
1 |
|
|a Acta Universitatis Purkynianae. Slavogermanica X ;
|v 70
|
| 500 |
|
|
|a Text též rusky
|
| 504 |
|
|
|a Obsahuje bibliografie
|
| 600 |
1 |
7 |
|a Kučera, Ctirad,
|d 1931-
|7 jk01070504
|2 czenas
|
| 650 |
0 |
7 |
|a vysokoškolští učitelé
|7 ph127282
|z Česko
|2 czenas
|
| 655 |
|
7 |
|a jubilejní publikace
|7 fd131839
|2 czenas
|
| 700 |
1 |
|
|a Kučera, Ctirad,
|d 1931-2009
|7 jk01070504
|4 hnr
|
| 700 |
1 |
|
|a Kaiserová, Kristina,
|d 1956-
|7 jn20000401289
|4 edt
|
| 710 |
2 |
|
|a Univerzita J.E. Purkyně v Ústí nad Labem.
|b Ústav slovansko-germánských studií
|7 kn20010709360
|
| 830 |
|
0 |
|a Acta Universitatis Purkynianae.
|n Slavogermanica X
|
| 910 |
|
|
|a BOA001
|b 2-1101.025
|
| 990 |
|
|
|a BK
|
| 996 |
6 |
|
|b 2610158095
|c 2-1101.025
|l MZK
|r Sklad / do 1 hodiny
|n 0
|p p.v.
|w 000592922
|u 000010
|a 1
|e BOA001
|j MZK50
|s P
|